Historia del urbanismo en Europa: 1750-1960
Gespeichert in:
| 1. Verfasser: | |
|---|---|
| Format: | Buch |
| Sprache: | Spanisch |
| Veröffentlicht: |
Madrid
Akal
1998
|
| Schriftenreihe: | Colección Akal Arquitectura, 14
|
| Schlagworte: | |
| Tags: |
Tag hinzufügen
Keine Tags, Fügen Sie den ersten Tag hinzu!
|
MARC
| LEADER | 00000nam a2200000 a 4500 | ||
|---|---|---|---|
| 001 | UCP3936 | ||
| 003 | CL-VaPUC | ||
| 008 | 990709e19980000SP |||||||||||||||||spa|d | ||
| 082 | 0 | 4 | |a 710 |b GRA |2 21 |
| 100 | |a Gravagnuolo, Benedetto |e author |9 431315 | ||
| 245 | 1 | 0 | |a Historia del urbanismo en Europa: 1750-1960 |
| 300 | |a 486 p | ||
| 942 | |c BK | ||
| 945 | |d 19990709 00:00:00 |a vberengu | ||
| 260 | |a Madrid |b Akal |c 1998 | ||
| 650 | 0 | |a Ciudades |9 265474 | |
| 650 | 0 | |a Industrialización |9 263687 | |
| 650 | 7 | |a MACROESTRUCTURAS |2 CL-VaPUC |9 431316 | |
| 650 | 0 | |a Áreas verdes |9 344662 | |
| 650 | 0 | |a Urbanización |9 265706 | |
| 650 | 0 | |a Planificación urbana |9 258176 | |
| 651 | 0 | |a Europa |9 255156 | |
| 583 | |a last modification |c 20180417 03:13:56 |k Rodrigo Vera | ||
| 490 | 0 | |a Colección Akal Arquitectura, 14 | |
| 999 | |c 282049 |d 282047 | ||
| 952 | |0 0 |1 0 |4 0 |6 710_000000000000000_GRA_1998 |7 0 |8 A |9 323355 |a BIBART |b BIBART |d 2019-11-20 |i 3532208 |o 710 GRA 1998 |p 3532208 |r 2025-03-13 |w 2019-11-20 |y BK |k ART | ||